Normal view
MARC view
- الجدوى الاقتصادية-تقييم المشروعات
Entry Topical Term
001 - CONTROL NUMBER
- control field: 45637
003 - CONTROL NUMBER IDENTIFIER
- control field: JO-AjAnu
005 - DATE AND TIME OF LATEST TRANSACTION
- control field: 20230606081540.0
008 - FIXED-LENGTH DATA ELEMENTS
- fixed length control field: 230606|| aca||aabn | a|a d
040 ## - CATALOGING SOURCE
- Original cataloging agency: JO-AjAnu
- Transcribing agency: JO-AjAnu
150 ## - HEADING--TOPICAL TERM
- Topical term or geographic name entry element: الجدوى الاقتصادية-تقييم المشروعات
670 ## - SOURCE DATA FOUND
- Source citation: Work cat.: (JO-AjAnu)23365: الجميلي،حميد جاسم/عبدالحليم محمد جبران, author 45636, الجدوى الاقتصادية وتقييم المشاريع القضايا ومنظومة المعايير المستخدمة